000
00473nam a2200181Ia 4500
008
100917s9999 xx 000 0 und d
082
_b
11181
100
_a
सावंत वसंत
245
_a
स्वतिक
260
_b
पॉप्युलर प्रकाशन
_c
1973
300
_a
80
365
_b
5
520
_a
कविता
630
_a
स्वतिक
650
_a
कविता
730
_a
स्वतिक
942
_c
BOOK
999
_c
616575
_d
616572